LEADER 01034nam a2200229 i 4500 001 000000004165 003 CaOOAMICUS 005 20231218144214.0 008 180830s1820 it u000 u ita u 040 $aSeMil$bita 100 1 $aGioia, Melchiorre,$d<1767-1829>.$0(OLS)http://semarc/name/2724 245 10$aNuovo galateo di Melchiorre Gioja autore del Trattato del merito e delle ricompense ... Tomo 1. [-2.]. 250 $aSeconda edizione corretta ed accresciuta. 260 $aMilano :$bPer Gio. Pirotta in S. Radegonda,$c1820. 300 $a2 v. ;$c8°. 650 4$aGalateo - Testi.$0(OLS)http://semarc/subject/770 700 1 $aPirotta, Giovanni,$c.$0(OLS)http://semarc/name/2725 774 0 $tTomo 1.$g1$w()78791 774 0 $tTomo 2.$g2$w()251641 996 $6245$aNuovo galateo di Melchiorre Gioja autore del Trattato del merito e delle ricompense ... Tomo 1. [-2.]$9(OLS)http://semarc/title/18965 996 $6260$aMilano :$bPer Gio. Pirotta in S. Radegonda$9(OLS)http://semarc/publisher/31250 LEADER 01608nam a2200277 i 4500 001 000000074697 003 CaOOAMICUS 005 20090714000000.0 008 090714s1996 it u000 u ita u 013 $a45869 020 $a3-7917-1537-2 040 $aSeMil$bita 100 1 $aAlberto, Stefano,$d<1959- >.$0(OLS)http://semarc/name/24733 245 10$aCorpus Suum mystice constituit (LG 7) :$bla chiesa corpo mistico di Cristo nel primo capitolo della Lumen Gentium : storia del testo dalla Mystici Corporis al Vaticano 2. con riferimenti alla attività conciliare del P. Sebastiaan Tromp sj /$cStefano Alberto. 260 $aRegensburg :$bFriedrich Pustet,$c1996. 300 $a663 p. ;$c24 cm. 490 0 $aEichstätter Studien. Neue Folge ;$v. 650 4$aConcilio Vaticano II <1962-1965> - Costituzioni dogmatiche . Lumen Gentium.$0(OLS)http://semarc/subject/3016 650 4$aEcclesiologia.$0(OLS)http://semarc/subject/42996 830 0$aEichstätter Studien. Neue Folge ;$v.$0(OLS)http://semarc/title/12086 850 $aSeMil 852 $aSeMil$W1$xVenegono$y1$m2A II 402$j40849$B40849$CSeMilBibl$Z2$F40853 $81 961 $aOmaggio: Donazione 996 $6020$a3-7917-1537-2$9(OLS)http://semarc/number/54964 996 $6245$aCorpus Suum mystice constituit (LG 7) :$bla chiesa corpo mistico di Cristo nel primo capitolo della Lumen Gentium : storia del testo dalla Mystici Corporis al Vaticano 2. con riferimenti alla attività conciliare del P. Sebastiaan Tromp sj$9(OLS)http://semarc/title/121120 996 $6260$aRegensburg :$bFriedrich Pustet$9(OLS)http://semarc/publisher/29640